000 00779nam a2200229Ia 4500
003 OSt
005 20220923212025.0
006 a|||||r|||| 00| 0
007 ta
008 220922b |||||||| |||| 00| 0 hin d
024 _a149,937
037 _cTextual
040 _aARTS
_cARTS
_bhin
041 _2hin
_ahin
082 _aa14-3152,12,N7, M7
100 _aमहाजन, यशपाल, संपा.
_9156274
245 0 _aहिन्दी ग्रंथकोश
_b 1976-198
246 _aHindī granthakosha: 1976-1980
260 _aदिल्ली
_b भारतीय ग्रंथ निकेतन
_c1987
942 _ha14-3152,12,N7, M7
_cTEXL
_2CC
999 _c305617
_d305617